| 000 | 00451nam a2200145 a 4500 | ||
|---|---|---|---|
| 001 | 000045841 | ||
| 005 | 20201002052457.0 | ||
| 008 | 150519s2001 dr ab 000 0 spa d | ||
| 040 |
_aDO-SdBNP _bspa _cBNPHU |
||
| 082 |
_axxxx _bxxxx |
||
| 245 | 0 | 0 | _aCatálogo de la provincia antillense de la compañia de Jesús. |
| 260 |
_aSanto Domingo : _bs. n., _c2001. |
||
| 300 |
_a61 p. : _bil. map. ; _c22 cm. |
||
| 500 | _aEn gratirud: Hno. Restituto Olano, S. J. | ||
| 999 |
_c45330 _d45330 |
||